Formación ética y ciudadana : estado, ciudadanía y cultura /
Guardado en:
| Autor Principal: | |
|---|---|
| Otros Autores: | , , , , , |
| Formato: | Libro |
| Publicado: |
Buenos Aires :
Tinta Fresca,
2006
|
| Series: | Tiempo y espacio / dirigida por Fernando Devoto
|
| Materias: | |
| Etiquetas: |
Agregar Etiqueta
Sin Etiquetas, Sea el primero en etiquetar este registro!
|
| LEADER | 01340nam a22003255a 4500 | ||
|---|---|---|---|
| 001 | CEM.cems012429 | ||
| 005 | 20070330181608.0 | ||
| 008 | 130507s2006##################000#0#####d | ||
| 003 | CEMS | ||
| 020 | |a 9875761346 | ||
| 082 | 0 | 4 | |a 320 |
| 100 | 1 | |a Bosoer, Fabián | |
| 245 | 1 | 0 | |a Formación ética y ciudadana : |b estado, ciudadanía y cultura / |c Fabian Bosoer ; paula Bruno ; natalia Gherardi ; maría Laura Korell ; santiago Leiras ; carlos Masotta ; laura Pautassi |
| 260 | |a Buenos Aires : |b Tinta Fresca, |c 2006 | ||
| 300 | |a 160 p. | ||
| 490 | 0 | |a Tiempo y espacio / dirigida por Fernando Devoto | |
| 500 | |a Para Egb 3 / Educación General Básica | ||
| 505 | 0 | |a El Estado, el gobierno y los ciudadanos -- El poder legislativo -- El poder ejecutivo -- El poder judicial -- La cultura -- El trabajo -- La salud -- La igualdad entre las mujeres y varones -- La nación y los Estados nacionales -- La globalización | |
| 653 | |a Formación ética y ciudadana | ||
| 653 | |a Estado | ||
| 653 | |a Ciudananía | ||
| 653 | |a Cultura | ||
| 653 | |a Formación ética y ciudadana-egb 3º | ||
| 700 | 1 | |a Bruno, Paula | |
| 700 | 1 | |a Gherardi, Natalia | |
| 700 | 1 | |a Korell, María Laura | |
| 700 | 1 | |a Leiras, Santiago | |
| 700 | 1 | |a Masotta, Carlos | |
| 700 | 1 | |a Pautassi, Laura | |
| 859 | |a CEMS |b BIB. CEMS - 11 de abril |h 320 |i B652 |p 23884.07 |t Ej.1 | ||
